00749nam a2200181 a 450000100100000000500170001000800410002702000150006804000250008310000330010824501540014126000600029530000280035550000210038371000410040495201050044599900170055000004306120201002040616.0140218s2005 xxua 001 0 spa d a156148458X aDO-SdBNPbspacBNPHU1 aGood, Phyllis Pellman97058510aFix-It and Forget- It Diabetic Cookbook. :bslow cooker favorites - to include everyone! /cPhyllis Pellman Good, with american Diabetes Association. aIntercourse, Pennsylvania, EE.UU. :bGood Books,c2005. a284 p. :bil. ;c24 cm. aIncluye índice2 aAmerican Diabetes Association970586 001050718MOaGRbGRcCTd2014-02-18iLF1l0o p43061-10r2020-06-25w2020-06-25y1ZNo se presta c42550d42550